Statistiken für Grand Slam of Darts

Klicken Sie hier um das Quiz zu spielen!

Allgemein

  • Dieses Quiz wurde 378 mal gespielt
    (80 seit der letzten Aktualisierung)
  • Das Durchschnittsergebnis liegt bei 16 aus 17

Antwortstatistiken

JahrNationalitätGewinner% Korrekt
2015NiederlandeMichael van Gerwen
99%
2017NiederlandeMichael van Gerwen
99%
2016NiederlandeMichael van Gerwen
99%
2014EnglandPhil Taylor
99%
2008EnglandPhil Taylor
99%
2007EnglandPhil Taylor
99%
2013EnglandPhil Taylor
99%
2011EnglandPhil Taylor
99%
2009EnglandPhil Taylor
99%
2018WalesGerwyn Price
97%
2019WalesGerwyn Price
97%
2021WalesGerwyn Price
97%
2022EnglandMichael Smith
94%
2012NiederlandeRaymond van Barneveld
94%
2020PortugalJosé de Sousa
93%
2023EnglandLuke Humphries
90%
2010EnglandScott Waites
30%

Verteilung der Resultate

Perzentil nach korrekt beantworteten Fragen

Anzahl Personen mit jedem Resultat

Ihre Resultats-Entwicklung

Sie haben dieses Quiz seit der letzten Aktualisierung nicht gespielt